000 00469ntaaa2200181 4500
003 01
005 20251027201933.0
008 0714s1973 ag 01
040 _aAR-BaBN
_bspa
_cAR-BaBN
_eaacr
_dRIC
082 _a245.0000 B64
100 _aBouner, Clint
_917954
245 _aHymn is born
250 _arev. ed.
260 _aNshville :
_bBroadman Press,
_c1959
300 _axxi, 160 p.
500 _astories of favorite hymns and how they were written
942 _cBK
999 _c14106
_d14106